000 00404nam a2200097 4500
008 230915b |||||||| |||| 00| 0 eng d
245 _aChina-India review
_bChina's Diplomacy Promoting Peace and Harmony
_cedted by wang xiaojian
260 _anew delhi
_b wang xiaojian ,press counsellor embassy of the people's republic of china in india
_c2023
300 _avol.2 no.0
_bill
_c27cm
942 _2ddc
_cSR
_mCHI
_s1
999 _c198152
_d198152